[Event "Irena Warakomska Memorial A"]
[Site "Suwalki"]
[Date "2018.08.02"]
[Round "2"]
[White "Matviishen, Viktor"]
[Black "Socko, Bartosz"]
[Result "1/2-1/2"]
[Board "1"]
[WhiteElo "2423"]
[WhiteTitle "IM"]
[WhiteCountry "UKR"]
[WhiteFideId "14129850"]
[WhiteEloChange "2"]
[BlackElo "2592"]
[BlackTitle "GM"]
[BlackCountry "POL"]
[BlackFideId "1107038"]
[BlackEloChange "-2"]

1. d4 {[%clk 1:30:55]} Nf6 {[%clk 1:30:55]} 2. c4 {[%clk 1:31:19]} g6 {[%clk
1:31:21]} 3. Nc3 {[%clk 1:31:11]} d5 {[%clk 1:31:45]} 4. cxd5 {[%clk 1:30:58]}
Nxd5 {[%clk 1:32:08]} 5. Bd2 {[%clk 1:31:28]} Bg7 {[%clk 1:32:21]} 6. e4 {[%clk
1:31:53]} Nb6 {[%clk 1:32:36]} 7. Be3 {[%clk 1:32:07]} O-O {[%clk 1:32:57]} 8.
Be2 {[%clk 1:30:49]} Nc6 {[%clk 1:33:11]} 9. Nf3 {[%clk 1:31:04]} Bg4 {[%clk
1:33:35]} 10. e5 {[%clk 1:26:35]} Qd7 {[%clk 1:31:25]} 11. Qd2 {[%clk 1:00:11]}
Rad8 {[%clk 1:27:40]} 12. Rd1 {[%clk 0:59:50]} f6 {[%clk 1:10:59]} 13. exf6
{[%clk 0:57:43]} exf6 {[%clk 1:10:20]} 14. O-O {[%clk 0:57:14]} Rfe8 {[%clk
1:09:10]} 15. Rfe1 {[%clk 0:52:53]} Kh8 {[%clk 1:08:05]} 16. h3 {[%clk 0:50:06]}
Bxf3 {[%clk 1:04:43]} 17. Bxf3 {[%clk 0:50:34]} Nc4 {[%clk 1:05:02]} 18. Qe2
{[%clk 0:48:21]} Nxe3 {[%clk 1:02:41]} 19. fxe3 {[%clk 0:48:46]} Bh6 {[%clk
1:02:32]} 20. Qf2 {[%clk 0:45:56]} f5 {[%clk 1:02:21]} 21. Kh1 {[%clk 0:41:17]}
Bg7 {[%clk 0:58:56]} 22. a3 {[%clk 0:31:40]} b6 {[%clk 0:55:02]} 23. Nd5 {[%clk
0:29:44]} Ne7 {[%clk 0:54:00]} 24. Nf4 {[%clk 0:26:45]} c6 {[%clk 0:51:29]} 25.
Rc1 {[%clk 0:22:49]} Qd6 {[%clk 0:48:11]} 26. b4 {[%clk 0:19:48]} Nd5 {[%clk
0:43:55]} 27. Nxd5 {[%clk 0:19:54]} cxd5 {[%clk 0:44:19]} 28. Rc3 {[%clk
0:08:26]} f4 {[%clk 0:34:25]} 29. exf4 {[%clk 0:08:37]} Qxf4 {[%clk 0:34:14]} 30.
Rxe8+ {[%clk 0:04:28]} Rxe8 {[%clk 0:33:52]} 31. g3 {[%clk 0:03:51]} Qf5 {[%clk
0:25:24]} 32. Kg2 {[%clk 0:04:19]} h5 {[%clk 0:25:22]} 33. Qc2 {[%clk 0:03:23]}
1/2-1/2

[Event "Irena Warakomska Memorial A"]
[Site "Suwalki"]
[Date "2018.08.02"]
[Round "2"]
[White "Omelja, Artem"]
[Black "Ovsejevitsch, Sergei"]
[Result "1/2-1/2"]
[Board "2"]
[WhiteElo "2445"]
[WhiteCountry "UKR"]
[WhiteFideId "14119846"]
[WhiteEloChange "2"]
[BlackElo "2604"]
[BlackTitle "GM"]
[BlackCountry "UKR"]
[BlackFideId "14101866"]
[BlackEloChange "-2"]

1. Nf3 {[%clk 1:30:48]} d5 {[%clk 1:29:27]} 2. c4 {[%clk 1:30:53]} d4 {[%clk
1:29:05]} 3. b4 {[%clk 1:31:14]} g6 {[%clk 1:29:01]} 4. d3 {[%clk 1:31:07]} Bg7
{[%clk 1:29:14]} 5. g3 {[%clk 1:31:27]} c6 {[%clk 1:27:40]} 6. Bg2 {[%clk
1:29:56]} a5 {[%clk 1:26:00]} 7. b5 {[%clk 1:29:53]} cxb5 {[%clk 1:24:19]} 8.
cxb5 {[%clk 1:30:07]} Nh6 {[%clk 1:23:18]} 9. O-O {[%clk 1:29:48]} O-O {[%clk
1:23:29]} 10. Na3 {[%clk 1:28:03]} Be6 {[%clk 1:18:00]} 11. Nc4 {[%clk 1:28:00]}
Bd5 {[%clk 1:16:07]} 12. a4 {[%clk 1:26:19]} Nf5 {[%clk 1:13:02]} 13. Ba3 {[%clk
1:15:13]} Nd7 {[%clk 1:07:28]} 14. Rc1 {[%clk 1:15:23]} Re8 {[%clk 1:06:13]} 15.
e4 {[%clk 1:06:07]} dxe3 {[%clk 1:05:03]} 16. Nxe3 {[%clk 1:06:29]} Nxe3 {[%clk
0:56:35]} 17. fxe3 {[%clk 1:06:51]} Qb6 {[%clk 0:56:10]} 18. d4 {[%clk 1:04:48]}
Bh6 {[%clk 0:43:26]} 19. Re1 {[%clk 1:02:41]} Nf6 {[%clk 0:40:35]} 20. Ne5 {[%clk
1:01:16]} Bxg2 {[%clk 0:40:32]} 21. Kxg2 {[%clk 1:01:36]} Qe6 {[%clk 0:40:04]}
22. Qd3 {[%clk 0:57:04]} Nd5 {[%clk 0:36:58]} 23. Rc5 {[%clk 0:51:52]} Rac8
{[%clk 0:30:07]} 24. e4 {[%clk 0:48:50]} Nb4 {[%clk 0:24:47]} 25. Bxb4 {[%clk
0:39:43]} axb4 {[%clk 0:25:09]} 26. Nc4 {[%clk 0:35:38]} Red8 {[%clk 0:24:56]}
27. Rxc8 {[%clk 0:35:21]} Qxc8 {[%clk 0:24:54]} 28. Rb1 {[%clk 0:29:00]} Bg7
{[%clk 0:21:06]} 29. Rxb4 {[%clk 0:23:15]} Rxd4 {[%clk 0:19:55]} 30. Nb6 {[%clk
0:23:31]} Qc5 {[%clk 0:17:12]} 31. Rxd4 {[%clk 0:22:32]} Bxd4 {[%clk 0:16:58]}
32. Nc4 {[%clk 0:16:55]} e5 {[%clk 0:10:12]} 33. Nd2 {[%clk 0:15:56]} Qb4 {[%clk
0:08:17]} 34. Qc2 {[%clk 0:16:04]} Kg7 {[%clk 0:07:57]} 1/2-1/2

[Event "Irena Warakomska Memorial A"]
[Site "Suwalki"]
[Date "2018.08.02"]
[Round "2"]
[White "Tomczak, Jacek"]
[Black "Grinev, Valeriy"]
[Result "1-0"]
[Board "3"]
[WhiteElo "2600"]
[WhiteTitle "GM"]
[WhiteCountry "POL"]
[WhiteFideId "1124668"]
[WhiteEloChange "3"]
[BlackElo "2412"]
[BlackTitle "IM"]
[BlackCountry "UKR"]
[BlackFideId "14117517"]
[BlackEloChange "-3"]

1. e4 {[%clk 1:30:57]} Nf6 {[%clk 1:30:33]} 2. e5 {[%clk 1:30:33]} Nd5 {[%clk
1:30:50]} 3. d4 {[%clk 1:26:06]} d6 {[%clk 1:31:06]} 4. Nf3 {[%clk 1:26:30]} g6
{[%clk 1:31:21]} 5. Bc4 {[%clk 1:21:04]} Nb6 {[%clk 1:31:31]} 6. Bb3 {[%clk
1:12:13]} Bg7 {[%clk 1:31:30]} 7. Bf4 {[%clk 1:09:14]} O-O {[%clk 1:28:26]} 8.
Nc3 {[%clk 1:07:52]} Bg4 {[%clk 1:25:25]} 9. h3 {[%clk 1:04:42]} Bxf3 {[%clk
1:24:20]} 10. Qxf3 {[%clk 1:03:59]} Nc6 {[%clk 1:11:14]} 11. O-O-O {[%clk
1:02:18]} Na5 {[%clk 1:07:40]} 12. h4 {[%clk 0:57:51]} Nxb3+ {[%clk 0:52:24]} 13.
axb3 {[%clk 0:56:19]} a5 {[%clk 0:47:32]} 14. h5 {[%clk 0:52:31]} Qd7 {[%clk
0:47:39]} 15. g4 {[%clk 0:29:02]} dxe5 {[%clk 0:26:25]} 16. dxe5 {[%clk 0:27:07]}
Qc6 {[%clk 0:26:45]} 17. Qxc6 {[%clk 0:19:06]} bxc6 {[%clk 0:27:09]} 18. h6
{[%clk 0:19:34]} Bh8 {[%clk 0:27:30]} 19. Rh3 {[%clk 0:19:40]} Rfd8 {[%clk
0:26:07]} 20. Rhd3 {[%clk 0:19:11]} Rxd3 {[%clk 0:26:26]} 21. Rxd3 {[%clk
0:19:37]} Rc8 {[%clk 0:22:45]} 22. Bg3 {[%clk 0:13:24]} f6 {[%clk 0:22:01]} 23.
e6 {[%clk 0:13:21]} Na8 {[%clk 0:17:40]} 24. Ne2 {[%clk 0:12:24]} f5 {[%clk
0:17:42]} 25. gxf5 {[%clk 0:12:47]} gxf5 {[%clk 0:18:06]} 26. Bh4 {[%clk
0:12:46]} Kf8 {[%clk 0:17:19]} 27. Rf3 {[%clk 0:12:14]} 1-0

[Event "Irena Warakomska Memorial A"]
[Site "Suwalki"]
[Date "2018.08.02"]
[Round "2"]
[White "Aleksandrov, Aleksej"]
[Black "Rahul Srivatshav P"]
[Result "1/2-1/2"]
[Board "4"]
[WhiteElo "2580"]
[WhiteTitle "GM"]
[WhiteCountry "BLR"]
[WhiteFideId "13500139"]
[WhiteEloChange "-2"]
[BlackElo "2397"]
[BlackTitle "IM"]
[BlackCountry "IND"]
[BlackFideId "25059653"]
[BlackEloChange "5"]

1. d4 {[%clk 1:27:53]} Nf6 {[%clk 1:30:36]} 2. Bg5 {[%clk 1:28:00]} g6 {[%clk
1:30:05]} 3. Bxf6 {[%clk 1:28:10]} exf6 {[%clk 1:30:27]} 4. e3 {[%clk 1:28:19]}
d5 {[%clk 1:29:08]} 5. c4 {[%clk 1:27:55]} dxc4 {[%clk 1:24:07]} 6. Bxc4 {[%clk
1:28:18]} Bd6 {[%clk 1:24:26]} 7. Nc3 {[%clk 1:26:45]} O-O {[%clk 1:23:09]} 8.
Nf3 {[%clk 1:27:10]} c6 {[%clk 1:18:05]} 9. a3 {[%clk 1:25:24]} Nd7 {[%clk
1:00:23]} 10. O-O {[%clk 1:18:47]} Qe7 {[%clk 0:53:52]} 11. Re1 {[%clk 1:15:06]}
Nb6 {[%clk 0:51:28]} 12. Ba2 {[%clk 1:14:19]} Be6 {[%clk 0:51:12]} 13. Bxe6
{[%clk 1:14:26]} Qxe6 {[%clk 0:51:37]} 14. e4 {[%clk 1:14:31]} Rad8 {[%clk
0:50:50]} 15. Qc2 {[%clk 1:13:30]} Bb8 {[%clk 0:47:20]} 16. b4 {[%clk 1:09:56]}
Rfe8 {[%clk 0:34:08]} 17. h3 {[%clk 1:06:01]} Qe7 {[%clk 0:27:27]} 18. Rab1
{[%clk 0:54:05]} a6 {[%clk 0:26:34]} 19. a4 {[%clk 0:54:06]} Nc4 {[%clk 0:25:24]}
20. Qb3 {[%clk 0:49:30]} b5 {[%clk 0:24:48]} 21. g3 {[%clk 0:46:24]} Ba7 {[%clk
0:21:36]} 22. Rbd1 {[%clk 0:43:00]} a5 {[%clk 0:12:41]} 23. axb5 {[%clk 0:42:14]}
Qxb4 {[%clk 0:13:04]} 24. Rb1 {[%clk 0:40:35]} Bxd4 {[%clk 0:11:35]} 25. Nxd4
{[%clk 0:38:55]} Rxd4 {[%clk 0:11:59]} 26. Qxb4 {[%clk 0:38:58]} axb4 {[%clk
0:12:23]} 27. Rxb4 {[%clk 0:39:23]} cxb5 {[%clk 0:12:30]} 28. Rxb5 {[%clk
0:38:29]} Rd2 {[%clk 0:10:03]} 1/2-1/2

[Event "Irena Warakomska Memorial A"]
[Site "Suwalki"]
[Date "2018.08.02"]
[Round "2"]
[White "Roy, Prantik"]
[Black "Markowski, Tomasz"]
[Result "1-0"]
[Board "6"]
[WhiteElo "2347"]
[WhiteTitle "IM"]
[WhiteCountry "IND"]
[WhiteFideId "5035120"]
[WhiteEloChange "15"]
[BlackElo "2561"]
[BlackTitle "GM"]
[BlackCountry "POL"]
[BlackFideId "1105680"]
[BlackEloChange "-8"]

1. d4 {[%clk 1:30:53]} Nf6 {[%clk 1:30:55]} 2. Bg5 {[%clk 1:31:07]} e6 {[%clk
1:31:15]} 3. e4 {[%clk 1:31:14]} h6 {[%clk 1:31:38]} 4. Bxf6 {[%clk 1:31:37]}
Qxf6 {[%clk 1:32:04]} 5. Nf3 {[%clk 1:31:47]} d6 {[%clk 1:32:19]} 6. e5 {[%clk
1:31:42]} Qd8 {[%clk 1:30:31]} 7. Bd3 {[%clk 1:31:57]} b6 {[%clk 1:27:32]} 8. Qe2
{[%clk 1:28:29]} Bb7 {[%clk 1:27:42]} 9. Nbd2 {[%clk 1:28:12]} Nd7 {[%clk
1:26:09]} 10. O-O-O {[%clk 1:25:59]} Be7 {[%clk 1:25:26]} 11. h4 {[%clk 1:24:43]}
d5 {[%clk 1:21:24]} 12. Kb1 {[%clk 1:16:41]} a6 {[%clk 1:17:18]} 13. c4 {[%clk
1:10:14]} c6 {[%clk 0:58:59]} 14. h5 {[%clk 1:05:58]} dxc4 {[%clk 0:57:38]} 15.
Nxc4 {[%clk 1:05:34]} b5 {[%clk 0:57:47]} 16. Ne3 {[%clk 1:03:40]} Qc7 {[%clk
0:52:04]} 17. Rc1 {[%clk 1:00:09]} c5 {[%clk 0:48:43]} 18. dxc5 {[%clk 0:53:55]}
Rc8 {[%clk 0:28:13]} 19. c6 {[%clk 0:34:48]} Bxc6 {[%clk 0:28:20]} 20. Nd4 {[%clk
0:35:12]} Nxe5 {[%clk 0:20:32]} 21. Ng4 {[%clk 0:24:40]} Nc4 {[%clk 0:20:07]} 22.
Nxc6 {[%clk 0:24:29]} Qxc6 {[%clk 0:20:31]} 23. Ne5 {[%clk 0:24:43]} Qb7 {[%clk
0:17:41]} 24. Nxf7 {[%clk 0:16:50]} Kxf7 {[%clk 0:10:32]} 25. Bg6+ {[%clk
0:17:06]} Kf6 {[%clk 0:09:29]} 26. Rhe1 {[%clk 0:16:38]} Qd5 {[%clk 0:04:22]} 27.
Rcd1 {[%clk 0:16:10]} Qc6 {[%clk 0:03:24]} 28. Be4 {[%clk 0:12:45]} 1-0

[Event "Irena Warakomska Memorial A"]
[Site "Suwalki"]
[Date "2018.08.02"]
[Round "2"]
[White "Oglaza, Oskar"]
[Black "Czarnota, Pawel"]
[Result "0-1"]
[Board "7"]
[WhiteElo "2344"]
[WhiteTitle "FM"]
[WhiteCountry "POL"]
[WhiteFideId "1194402"]
[WhiteEloChange "-5"]
[BlackElo "2549"]
[BlackTitle "GM"]
[BlackCountry "POL"]
[BlackFideId "1121219"]
[BlackEloChange "2"]

1. Nf3 {[%clk 1:30:51]} Nf6 {[%clk 1:30:25]} 2. g3 {[%clk 1:31:11]} g6 {[%clk
1:28:58]} 3. b3 {[%clk 1:31:16]} Bg7 {[%clk 1:28:19]} 4. Bb2 {[%clk 1:31:25]} O-O
{[%clk 1:24:39]} 5. Bg2 {[%clk 1:31:29]} d6 {[%clk 1:25:02]} 6. d4 {[%clk
1:31:30]} e5 {[%clk 1:23:23]} 7. dxe5 {[%clk 1:31:34]} Nfd7 {[%clk 1:22:40]} 8.
O-O {[%clk 1:24:35]} dxe5 {[%clk 1:21:16]} 9. e4 {[%clk 1:22:26]} Nc6 {[%clk
1:14:55]} 10. c4 {[%clk 1:17:05]} Nc5 {[%clk 1:06:37]} 11. Nc3 {[%clk 1:14:34]}
Bg4 {[%clk 0:46:34]} 12. Ba3 {[%clk 1:06:33]} b6 {[%clk 0:46:57]} 13. h3 {[%clk
0:56:13]} Qxd1 {[%clk 0:41:48]} 14. Raxd1 {[%clk 0:55:41]} Bxf3 {[%clk 0:42:11]}
15. Bxf3 {[%clk 0:55:12]} Nd4 {[%clk 0:42:22]} 16. Bxc5 {[%clk 0:54:23]} bxc5
{[%clk 0:42:18]} 17. Bg2 {[%clk 0:53:57]} Rfd8 {[%clk 0:42:26]} 18. Kh1 {[%clk
0:46:12]} c6 {[%clk 0:42:27]} 19. Rd3 {[%clk 0:44:59]} h5 {[%clk 0:42:20]} 20. h4
{[%clk 0:41:51]} Bf6 {[%clk 0:41:54]} 21. Bh3 {[%clk 0:32:59]} Kg7 {[%clk
0:42:11]} 22. Kg2 {[%clk 0:31:25]} Be7 {[%clk 0:39:50]} 23. Rfd1 {[%clk 0:26:25]}
Rf8 {[%clk 0:39:40]} 24. Re3 {[%clk 0:22:10]} Rad8 {[%clk 0:39:43]} 25. Kf1
{[%clk 0:15:28]} Bd6 {[%clk 0:39:44]} 26. Ne2 {[%clk 0:14:46]} a5 {[%clk
0:36:57]} 27. Nxd4 {[%clk 0:13:24]} cxd4 {[%clk 0:37:13]} 28. Red3 {[%clk
0:13:40]} Bb4 {[%clk 0:33:42]} 29. f4 {[%clk 0:11:58]} c5 {[%clk 0:30:27]} 30. f5
{[%clk 0:09:10]} a4 {[%clk 0:30:52]} 31. g4 {[%clk 0:05:41]} hxg4 {[%clk
0:29:38]} 32. Bxg4 {[%clk 0:06:07]} Rh8 {[%clk 0:30:02]} 33. Kg2 {[%clk 0:05:04]}
axb3 {[%clk 0:28:54]} 34. axb3 {[%clk 0:05:23]} Rxh4 {[%clk 0:22:17]} 35. Kg3
{[%clk 0:05:44]} Rh6 {[%clk 0:21:31]} 36. Ra1 {[%clk 0:04:43]} Rd6 {[%clk
0:20:39]} 37. Ra7 {[%clk 0:04:15]} Be1+ {[%clk 0:19:11]} 38. Kf3 {[%clk 0:03:21]}
Rh2 {[%clk 0:19:26]} 39. Rd1 {[%clk 0:03:04]} Rf2+ {[%clk 0:19:38]} 40. Kg3
{[%clk 0:33:29]} Ra2+ {[%clk 0:50:04]} 41. Rxe1 {[%clk 0:33:52]} Rxa7 {[%clk
0:50:28]} 42. fxg6 {[%clk 0:33:38]} fxg6 {[%clk 0:50:37]} 0-1

[Event "Irena Warakomska Memorial A"]
[Site "Suwalki"]
[Date "2018.08.02"]
[Round "2"]
[White "Bernadskiy, Vitaliy"]
[Black "Kosakowski, Jakub"]
[Result "0-1"]
[Board "8"]
[WhiteElo "2586"]
[WhiteTitle "GM"]
[WhiteCountry "UKR"]
[WhiteFideId "14100371"]
[WhiteEloChange "-8"]
[BlackElo "2324"]
[BlackTitle "FM"]
[BlackCountry "POL"]
[BlackFideId "1185080"]
[BlackEloChange "16"]

1. d4 {[%clk 1:27:58]} Nf6 {[%clk 1:30:48]} 2. c4 {[%clk 1:28:24]} g6 {[%clk
1:31:02]} 3. Nc3 {[%clk 1:28:30]} d5 {[%clk 1:31:23]} 4. cxd5 {[%clk 1:28:24]}
Nxd5 {[%clk 1:31:48]} 5. e4 {[%clk 1:28:53]} Nxc3 {[%clk 1:32:06]} 6. bxc3 {[%clk
1:29:20]} Bg7 {[%clk 1:32:27]} 7. Bc4 {[%clk 1:29:25]} c5 {[%clk 1:32:47]} 8. Ne2
{[%clk 1:29:52]} Nc6 {[%clk 1:33:08]} 9. Be3 {[%clk 1:30:17]} O-O {[%clk
1:33:24]} 10. Rc1 {[%clk 1:30:20]} Na5 {[%clk 1:33:09]} 11. Bd3 {[%clk 1:30:13]}
b6 {[%clk 1:33:30]} 12. h4 {[%clk 1:27:11]} e5 {[%clk 1:30:39]} 13. Bg5 {[%clk
1:17:51]} f6 {[%clk 1:23:22]} 14. Be3 {[%clk 1:15:33]} f5 {[%clk 1:22:44]} 15.
Bg5 {[%clk 1:10:53]} Qe8 {[%clk 1:18:02]} 16. exf5 {[%clk 0:58:22]} e4 {[%clk
0:54:51]} 17. Bc2 {[%clk 0:58:10]} Bxf5 {[%clk 0:54:59]} 18. dxc5 {[%clk
0:52:51]} h6 {[%clk 0:42:03]} 19. cxb6 {[%clk 0:52:44]} hxg5 {[%clk 0:36:30]} 20.
Qd5+ {[%clk 0:53:16]} Qf7 {[%clk 0:34:52]} 21. Qxa5 {[%clk 0:53:40]} e3 {[%clk
0:35:09]} 22. Bxf5 {[%clk 0:30:21]} exf2+ {[%clk 0:34:22]} 23. Kf1 {[%clk
0:30:37]} axb6 {[%clk 0:32:41]} 24. Qxb6 {[%clk 0:28:22]} Qxf5 {[%clk 0:32:23]}
25. Qb3+ {[%clk 0:27:54]} Rf7 {[%clk 0:30:41]} 26. hxg5 {[%clk 0:26:37]} Re8
{[%clk 0:30:10]} 27. Rd1 {[%clk 0:21:48]} Qe4 {[%clk 0:28:58]} 28. Rd2 {[%clk
0:18:30]} Bxc3 {[%clk 0:26:42]} 29. Rc2 {[%clk 0:16:42]} Qd3 {[%clk 0:21:07]} 30.
Qb1 {[%clk 0:17:01]} Rxe2 {[%clk 0:21:18]} 31. Qb8+ {[%clk 0:17:26]} Re8+ {[%clk
0:21:44]} 0-1

[Event "Irena Warakomska Memorial A"]
[Site "Suwalki"]
[Date "2018.08.02"]
[Round "2"]
[White "Teclaf, Pawel"]
[Black "Vetoshko, Volodymyr"]
[Result "1-0"]
[Board "9"]
[WhiteElo "2399"]
[WhiteTitle "CM"]
[WhiteCountry "POL"]
[WhiteFideId "1185934"]
[WhiteEloChange "13"]
[BlackElo "2521"]
[BlackTitle "GM"]
[BlackCountry "UKR"]
[BlackFideId "14122480"]
[BlackEloChange "-7"]

1. e4 {[%clk 1:30:57]} c5 {[%clk 1:30:45]} 2. Nf3 {[%clk 1:31:18]} e6 {[%clk
1:30:59]} 3. d4 {[%clk 1:31:43]} cxd4 {[%clk 1:31:25]} 4. Nxd4 {[%clk 1:32:09]}
a6 {[%clk 1:31:44]} 5. Nc3 {[%clk 1:32:30]} b5 {[%clk 1:32:06]} 6. Bd3 {[%clk
1:32:57]} Qb6 {[%clk 1:32:22]} 7. Nf3 {[%clk 1:33:22]} Qc7 {[%clk 1:32:12]} 8.
O-O {[%clk 1:33:46]} Bb7 {[%clk 1:32:40]} 9. Re1 {[%clk 1:34:12]} Be7 {[%clk
1:31:30]} 10. e5 {[%clk 1:31:27]} f5 {[%clk 1:31:13]} 11. Nd4 {[%clk 1:29:42]} b4
{[%clk 1:29:42]} 12. Na4 {[%clk 1:18:06]} Nc6 {[%clk 1:29:11]} 13. c3 {[%clk
1:11:05]} Qa5 {[%clk 1:17:52]} 14. Bf4 {[%clk 0:36:13]} Nh6 {[%clk 1:03:14]} 15.
a3 {[%clk 0:28:39]} bxa3 {[%clk 0:47:58]} 16. b4 {[%clk 0:28:10]} Qc7 {[%clk
0:47:42]} 17. Bxh6 {[%clk 0:21:50]} gxh6 {[%clk 0:45:13]} 18. Qh5+ {[%clk
0:20:15]} Kd8 {[%clk 0:45:04]} 19. Nf3 {[%clk 0:20:11]} Na7 {[%clk 0:36:59]} 20.
Rxa3 {[%clk 0:16:50]} Nb5 {[%clk 0:36:03]} 21. Raa1 {[%clk 0:15:52]} Qc6 {[%clk
0:34:22]} 22. Bf1 {[%clk 0:15:56]} Rg8 {[%clk 0:33:01]} 23. Qf7 {[%clk 0:12:21]}
Rg4 {[%clk 0:14:43]} 24. Re3 {[%clk 0:12:06]} a5 {[%clk 0:12:42]} 25. h3 {[%clk
0:11:49]} Re4 {[%clk 0:11:24]} 26. c4 {[%clk 0:12:00]} Nd4 {[%clk 0:08:13]} 27.
b5 {[%clk 0:12:10]} Qc8 {[%clk 0:08:23]} 28. Nxd4 {[%clk 0:12:18]} Rxd4 {[%clk
0:08:49]} 29. Rg3 {[%clk 0:12:40]} 1-0

[Event "Irena Warakomska Memorial A"]
[Site "Suwalki"]
[Date "2018.08.02"]
[Round "2"]
[White "Debarshi, Mukherjee"]
[Black "Kanarek, Marcel"]
[Result "1/2-1/2"]
[Board "10"]
[WhiteElo "2292"]
[WhiteCountry "IND"]
[WhiteFideId "5007291"]
[WhiteEloChange "6"]
[BlackElo "2508"]
[BlackTitle "GM"]
[BlackCountry "POL"]
[BlackFideId "1126822"]
[BlackEloChange "-3"]

1. c4 {[%clk 1:30:24]} Nf6 {[%clk 1:30:50]} 2. g3 {[%clk 1:30:46]} g6 {[%clk
1:30:59]} 3. Bg2 {[%clk 1:31:09]} Bg7 {[%clk 1:31:09]} 4. Nc3 {[%clk 1:31:20]}
O-O {[%clk 1:30:15]} 5. e4 {[%clk 1:31:11]} c5 {[%clk 1:29:47]} 6. Nge2 {[%clk
1:31:27]} Nc6 {[%clk 1:29:48]} 7. O-O {[%clk 1:31:39]} d6 {[%clk 1:27:43]} 8. d3
{[%clk 1:31:53]} a6 {[%clk 1:26:47]} 9. a4 {[%clk 1:31:05]} Rb8 {[%clk 1:26:17]}
10. h3 {[%clk 1:29:20]} Ne8 {[%clk 1:26:15]} 11. Be3 {[%clk 1:28:47]} b5 {[%clk
1:17:44]} 12. cxb5 {[%clk 1:02:37]} axb5 {[%clk 1:17:27]} 13. Nxb5 {[%clk
1:03:05]} Nc7 {[%clk 1:06:29]} 14. d4 {[%clk 0:57:26]} Nxb5 {[%clk 1:03:10]} 15.
axb5 {[%clk 0:57:47]} Rxb5 {[%clk 1:02:03]} 16. dxc5 {[%clk 0:47:40]} dxc5 {[%clk
1:01:57]} 17. Qa4 {[%clk 0:47:22]} Qb6 {[%clk 0:40:19]} 18. Nc3 {[%clk 0:40:57]}
Ra5 {[%clk 0:21:15]} 19. Nd5 {[%clk 0:30:36]} Rxa4 {[%clk 0:08:05]} 20. Nxb6
{[%clk 0:30:57]} Rxa1 {[%clk 0:07:46]} 21. Rxa1 {[%clk 0:31:24]} Bxb2 {[%clk
0:07:48]} 22. Ra8 {[%clk 0:31:09]} Be6 {[%clk 0:05:42]} 23. Rxf8+ {[%clk
0:31:25]} Kxf8 {[%clk 0:06:09]} 24. Bxc5 {[%clk 0:31:52]} 1/2-1/2

[Event "Irena Warakomska Memorial A"]
[Site "Suwalki"]
[Date "2018.08.02"]
[Round "2"]
[White "Shtembuliak, Evgeny"]
[Black "Schippers, Maurice"]
[Result "1-0"]
[Board "11"]
[WhiteElo "2517"]
[WhiteTitle "IM"]
[WhiteCountry "UKR"]
[WhiteFideId "14113325"]
[WhiteEloChange "2"]
[BlackElo "2303"]
[BlackCountry "NED"]
[BlackFideId "1004735"]
[BlackEloChange "-5"]

1. d4 {[%clk 1:30:57]} Nf6 {[%clk 1:30:49]} 2. Nf3 {[%clk 1:31:19]} c5 {[%clk
1:30:10]} 3. d5 {[%clk 1:31:12]} d6 {[%clk 1:29:16]} 4. Nc3 {[%clk 1:30:48]} g6
{[%clk 1:29:32]} 5. e4 {[%clk 1:31:11]} Bg7 {[%clk 1:29:42]} 6. Bb5+ {[%clk
1:30:56]} Bd7 {[%clk 1:27:17]} 7. a4 {[%clk 1:28:00]} O-O {[%clk 1:26:12]} 8. Nd2
{[%clk 1:27:29]} a6 {[%clk 1:22:52]} 9. Be2 {[%clk 1:26:57]} e6 {[%clk 1:10:15]}
10. O-O {[%clk 1:24:45]} exd5 {[%clk 1:09:51]} 11. exd5 {[%clk 1:24:55]} Re8
{[%clk 1:04:29]} 12. Nc4 {[%clk 1:23:49]} Bf5 {[%clk 0:56:46]} 13. Bf3 {[%clk
1:14:49]} b6 {[%clk 0:49:48]} 14. Bf4 {[%clk 1:13:17]} Bf8 {[%clk 0:49:31]} 15.
h3 {[%clk 0:59:46]} Ra7 {[%clk 0:44:37]} 16. Qd2 {[%clk 0:54:34]} Ne4 {[%clk
0:42:29]} 17. Bxe4 {[%clk 0:54:33]} Bxe4 {[%clk 0:42:24]} 18. Rfe1 {[%clk
0:54:24]} Bf5 {[%clk 0:40:24]} 19. Rxe8 {[%clk 0:54:43]} Qxe8 {[%clk 0:40:53]}
20. Nxd6 {[%clk 0:52:42]} Bxd6 {[%clk 0:38:24]} 21. Bxd6 {[%clk 0:53:10]} Qd8
{[%clk 0:35:49]} 22. Bxb8 {[%clk 0:49:24]} Qxb8 {[%clk 0:36:11]} 23. g4 {[%clk
0:49:44]} Bd7 {[%clk 0:34:04]} 24. Re1 {[%clk 0:49:59]} b5 {[%clk 0:27:59]} 25.
Ne4 {[%clk 0:48:28]} bxa4 {[%clk 0:22:45]} 26. Nf6+ {[%clk 0:47:58]} Kg7 {[%clk
0:22:36]} 27. Qc3 {[%clk 0:47:46]} Qb4 {[%clk 0:18:50]} 28. Ne8+ {[%clk 0:47:25]}
Kh6 {[%clk 0:18:26]} 29. Qg7+ {[%clk 0:47:47]} Kg5 {[%clk 0:18:53]} 30. Qf6+
{[%clk 0:48:10]} 1-0

[Event "Irena Warakomska Memorial A"]
[Site "Suwalki"]
[Date "2018.08.02"]
[Round "2"]
[White "Ulybin, Mikhail"]
[Black "Szustakowski, Antoni"]
[Result "1-0"]
[Board "12"]
[WhiteElo "2512"]
[WhiteTitle "GM"]
[WhiteCountry "RUS"]
[WhiteFideId "4101405"]
[WhiteEloChange "3"]
[BlackElo "2330"]
[BlackTitle "FM"]
[BlackCountry "POL"]
[BlackFideId "1167677"]
[BlackEloChange "-5"]

1. d4 {[%clk 1:22:59]} Nf6 {[%clk 1:30:50]} 2. c4 {[%clk 1:22:20]} e6 {[%clk
1:31:10]} 3. g3 {[%clk 1:21:23]} d5 {[%clk 1:31:29]} 4. Nf3 {[%clk 1:20:28]} dxc4
{[%clk 1:31:41]} 5. Bg2 {[%clk 1:19:14]} a6 {[%clk 1:31:55]} 6. O-O {[%clk
1:11:41]} Nc6 {[%clk 1:32:12]} 7. Bg5 {[%clk 1:09:13]} Be7 {[%clk 1:31:19]} 8. e3
{[%clk 1:08:43]} O-O {[%clk 1:18:04]} 9. Nfd2 {[%clk 0:37:20]} Bd7 {[%clk
0:59:28]} 10. Nxc4 {[%clk 0:35:13]} h6 {[%clk 0:59:07]} 11. Bxf6 {[%clk 0:33:21]}
Bxf6 {[%clk 0:59:26]} 12. Nc3 {[%clk 0:31:52]} Rb8 {[%clk 0:54:16]} 13. Ne4
{[%clk 0:24:16]} Be7 {[%clk 0:48:44]} 14. Rc1 {[%clk 0:20:27]} f5 {[%clk
0:33:22]} 15. Ned2 {[%clk 0:13:52]} b5 {[%clk 0:21:54]} 16. Bxc6 {[%clk 0:13:09]}
Bxc6 {[%clk 0:22:15]} 17. Ne5 {[%clk 0:13:22]} Bd5 {[%clk 0:22:34]} 18. Nc6
{[%clk 0:11:53]} Bxc6 {[%clk 0:22:53]} 19. Rxc6 {[%clk 0:12:08]} Qd5 {[%clk
0:21:57]} 20. Qc2 {[%clk 0:08:45]} Bd6 {[%clk 0:19:30]} 21. Rxa6 {[%clk 0:04:42]}
f4 {[%clk 0:12:59]} 22. exf4 {[%clk 0:02:11]} Qxd4 {[%clk 0:13:20]} 23. Ne4
{[%clk 0:01:57]} Ra8 {[%clk 0:07:41]} 24. Rxa8 {[%clk 0:01:50]} Rxa8 {[%clk
0:08:01]} 25. a3 {[%clk 0:01:28]} b4 {[%clk 0:06:40]} 26. Rd1 {[%clk 0:01:18]}
Qb6 {[%clk 0:04:53]} 27. Nxd6 {[%clk 0:00:57]} cxd6 {[%clk 0:05:18]} 28. Qe4
{[%clk 0:00:59]} d5 {[%clk 0:04:16]} 29. Rxd5 {[%clk 0:01:04]} Ra7 {[%clk
0:03:58]} 30. Re5 {[%clk 0:00:49]} bxa3 {[%clk 0:03:57]} 31. Rxe6 {[%clk
0:00:53]} Qb3 {[%clk 0:04:06]} 32. bxa3 {[%clk 0:00:42]} Rxa3 {[%clk 0:03:52]}
33. Re8+ {[%clk 0:00:34]} Kf7 {[%clk 0:04:17]} 34. Re7+ {[%clk 0:00:53]} Kf8
{[%clk 0:04:42]} 35. Rb7 {[%clk 0:00:50]} Qd1+ {[%clk 0:04:57]} 36. Kg2 {[%clk
0:01:12]} Qd6 {[%clk 0:05:19]} 37. Qf5+ {[%clk 0:00:52]} 1-0